000 00651nam a2200253Ia 4500
003 OSt
005 20221007103615.0
006 a|||||r|||| 00| 0
007 ta
008 221006b |||||||| |||| 00| 0 eng d
024 _a13,587
037 _cTextual
040 _aLCO
_cLCO
_beng
041 _2eng
_aeng
082 _aZ2,93, P6
100 _aMathur D.N.
_9130427
245 0 _aInterpretation of Statues
250 _a1st
260 _aAllahabad
_bCentral Law Publications India
_c2006
300 _a324
650 _aINTERPRETATION OF STATUES
942 _hZ2,93, P6
_cTEXL
999 _c1183150
_d1183150